| 000 | 00607nam a2200217 u 4500 | ||
|---|---|---|---|
| 005 | 20230602063749.0 | ||
| 008 | 100624s2006 r 000 0 eng d | ||
| 020 | _a9789707806900 (13 dígitos) | ||
| 020 | _a9707806907 (10 dígitos) | ||
| 035 | _aUPN01000176963 | ||
| 049 | _aCG | ||
| 050 | 4 |
_aPQ7297 _bG3 S2.6d |
|
| 100 | 1 |
_aGamboa, Federico, _d1864-1939 _928392 |
|
| 245 | 1 | 0 |
_aSanta / _cFederico Gamboa. |
| 260 |
_aMéxico : _bDebolsillo, _c2006. |
||
| 300 | _a327 p. | ||
| 440 | 0 | _aContemporánea | |
| 650 | 4 |
_aPROSTITUCION - _vNOVELA _915967 |
|
| 650 | 4 |
_aNovela mexicana _94557 |
|
| 905 | _aLibro | ||
| 999 |
_c149066 _d149066 |
||